Konec starých časů /
Konec starých časů je román Vladislava Vančury poprvé vydaný roku 1934 nakladatelstvím Melantrich. Jeho děj se odehrává krátce po roce 1918 na jihočeském zámku Kratochvíle. Hlavní postavou je kníže a plukovník Alexandr Megalrogov. Konec starých časů vznikl původně jako scénář k připravovanému filmu,...
Uloženo v:
| Hlavní autor: | |
|---|---|
| Médium: | E-kniha |
| Jazyk: | Czech |
| Vydáno: |
Praha :
Franz Gilles von Jilek,
2021
|
| Tagy: |
Žádné tagy |
| LEADER | 02035nam a22002297i 4500 | ||
|---|---|---|---|
| 001 | 311401 | ||
| 007 | ta | ||
| 008 | 260601s2021 xr ||||| |||| 00| 0 cze d | ||
| 020 | |a 9990003348371 | ||
| 044 | |a xr | ||
| 100 | 1 | |a Vančura, Vladislav |4 aut | |
| 245 | 1 | 0 | |a Konec starých časů / |c Vančura, Vladislav |
| 264 | 1 | |a Praha : |b Franz Gilles von Jilek, |c 2021 | |
| 300 | |a 1 online zdroj (216 stran) | ||
| 336 | |a text |b txt |2 rdacontent | ||
| 337 | |a bez média |b n |2 rdamedia | ||
| 338 | |a online zdroj |b cr |2 rdacarrier | ||
| 520 | 2 | |a Konec starých časů je román Vladislava Vančury poprvé vydaný roku 1934 nakladatelstvím Melantrich. Jeho děj se odehrává krátce po roce 1918 na jihočeském zámku Kratochvíle. Hlavní postavou je kníže a plukovník Alexandr Megalrogov. Konec starých časů vznikl původně jako scénář k připravovanému filmu, který nebyl realizován. Vladislav Vančura jej proto přepracoval do románu. Úryvky románu byly před knižním vydáním publikovány v Měsíci, Národním osvobození, Českém slově, Právu lidu a Almanachu Kmene. V roce 1989 jej nakonec i zfilmoval režisér Jiří Menzel. Film Konec starých časů natočil na zámku Krásný Dvůr. Postavy: Alexandr Megalrogov – ruský kníže a plukovník carské armády nesoucí rysy barona Prášila Bernard Spera – zámecký knihovník, vypravěč Váňa – sluha knížete Megalrogova Josef Stoklasa – regent Kratochvíle Jakub Lhota Jan Lhota – syn Jakuba Josef Pustina – advokát Michaela a Kitty – Stoklasovy dcery Marcel – sirotek Ellen, Susanne – vychovatelky Cornelie – klíčnice Charousek – sedlák | |
| 910 | |a RBIT002 | ||
| 998 | |d 334837 |a https://core.palmknihy.cz/api/books/334837/cover?qyv6hr |b https://core.palmknihy.cz/api/books/334837/cover/400?qyv6hr |c https://core.palmknihy.cz/api/books/334837/cover/50?qyv6hr |e 2099-12-31 |g 216 |i 9990003348371 |j https://core.palmknihy.cz/api/books/334837/preview.epub |l |q 49 |r 1 |s https://www.palmknihy.cz/kniha/334837 |t ebook |y 2021 |z 1 | ||
| 999 | |d 311399 | ||